| 000 | 00730nam a22002175a 4500 | ||
|---|---|---|---|
| 001 | 002683 | ||
| 003 | armpunfd | ||
| 005 | 20140612090712.0 | ||
| 008 | 130711s2006####xx############000#0#und#d | ||
| 020 | _a9872018227 | ||
| 040 |
_aarmpunfd _carmpunfd |
||
| 080 | _a341.228 (269) C 348 | ||
| 100 | 1 | _aAbruza, Armando Daniel (Coordinador) | |
| 245 | 1 | 0 |
_aA cien aƱos de la presencia permanente e inimterrumpida de la argentina en la antartida / _cAbruza, Armando Daniel (Coordinador). |
| 260 |
_aUsuhaia : _bGobierno de Provincia de Tierra del Fuego, _c2006. |
||
| 300 |
_a294 p. ; _c21 x15 cm. |
||
| 650 | 7 |
_aAntartida _2LEMB |
|
| 650 | 7 |
_aDerecho Internacional Publico _2LEMB |
|
| 942 |
_c _2cdu |
||
| 945 |
_aCELESTE _d2013-07-11 |
||
| 999 |
_c2572 _d233076 |
||